000
00206 a2200085 4500
020
_a
9783035620764
100
_a
DANIEL KISS AND SIMON KRETZ
245
_a
RELATIONAL THEORIES OF URBAN FORM
260
_b
BIRKHAUSER
999
_c
13147
_d
13147